[Event "Dresden ZMD op 23rd"]
[Site "Dresden"]
[Date "2014.08.17"]
[Round "3"]
[White "Zakhartsov, Viacheslav V"]
[Black "Sagar, Shah"]
[Result "0-1"]
[WhiteElo "2548"]
[BlackElo "2339"]
[Annotator "Zakhartsov,Vi"]
[PlyCount "68"]
[EventDate "2014.08.15"]
[EventType "swiss"]
[EventRounds "9"]
[EventCountry "GER"]
[SourceTitle "CBM 162"]
[Source "ChessBase"]
[SourceDate "2014.09.17"]
[SourceVersion "1"]
[SourceVersionDate "2014.09.17"]
[SourceQuality "1"]

1. d4 Nf6 2. Nf3 e6 3. c4 Bb4+ 4. Nbd2 O-O 5. a3 Be7 6. e4 d5 7. e5 Nfd7 8. Bd3
c5 9. h4 {This continuation has become trendy lately. However, Black has a
reliable defence:} g6 10. h5 cxd4 11. Qc2 Nc5 12. hxg6 ({Another continuation
is} 12. cxd5 Nxd3+ (12... exd5 13. Nxd4 Nc6 14. N2f3 Nxd4 15. Nxd4 Qc7 {
with mutual chances, P. Smirnov - Landa, Loo 2013}) 13. Qxd3 Qxd5 14. Ne4 Nd7 {
(this is stronger than} (14... Nc6 15. Bh6 {Giri - Najditsch, Wijk aan Zee 2014
}) 15. Bh6 Re8 16. Bg5 b6 17. Bxe7 Rxe7 18. Nf6+ Nxf6 19. exf6 Rc7 (19... Rd7
20. hxg6 fxg6 21. Kd2 Qd6 22. g3 e5 $2 (22... Qf8 $1 {(the only defence)} 23.
Rxh7 Rxh7 (23... Qxf6 24. Rh6 Rg7 25. Rah1 Bb7 26. Qc4 Bxf3 27. Rh8+ Kf7 28.
Qc7+ Qe7 29. Qf4+ {a draw}) 24. Qxg6+ Kh8 25. Ng5 Qg8 26. f7 Qxg6 27. f8=Q+ Qg8
28. Qf6+ Qg7 {with a draw by repetition}) 23. Rxh7 $1 Qxf6 (23... Rxh7 24.
Qxg6+ Kf8 25. Ng5 Rc7 26. Rh1 $18) 24. Rh6 Rg7 25. Rah1 Kf8 (25... Bb7 26. Rh8+
Kf7 27. Qc4+ Ke7 28. Rxa8 Bxa8 29. Qc7+ Ke6 30. Qc8+ $18) 26. Qe4 Rb8 27. Qxe5
Qxe5 28. Nxe5 $18 {E. Can - Kazhgaleev (Cocaeli 2014)}) 20. hxg6 fxg6 21. Kd2
Qd6 22. g3 e5 23. Rxh7 Bf5 {(this is the difference between 19...Rc7 and 19...
Rd7)} 24. Qb3+ Be6 25. Qd3 Bf5 {with a draw (Leitao)}) 12... Nxd3+ 13. Qxd3
fxg6 14. Qxd4 (14. Nxd4 Nc6 15. Nxc6 bxc6 16. Qh3 Rf7 $15 {Shulman - Kaidanov,
USA 2012}) 14... Nc6 15. Qe3 a5 (15... Rf7 16. b3 Qb6 17. Qxb6 axb6 18. Bb2 Bd7
19. O-O g5 20. cxd5 exd5 21. Rfe1 g4 (21... Be6 {would be better}) 22. e6 Bxe6
23. Rxe6 gxf3 24. Nxf3 {with an edge for White, Ionov - Mishuchkov, St
Petersburg 2012.}) (15... Qb6 {is strong:} 16. Qxb6 axb6 17. b3 g5 18. Bb2 Bd7
{and Black is better.}) 16. b3 b6 17. Bb2 Bc5 18. Qh6 Qe7 19. Rh4 $6 {White
still dreams about attacking (Ke2, Rah1) but it is an illusion.} (19. Ng5 $5 {
would be better. This would lead only to equality, but it does require certain
precision from Black:} Bxf2+ (19... Ra7 20. Ndf3) 20. Ke2 Ra7 (20... Nd4+ 21.
Kd3 dxc4+ 22. Nxc4 Ra7 (22... Rd8 23. Qxh7+ Qxh7 24. Nxh7 Kg7 (24... Nxb3+ 25.
Nd6 $16 Nxa1 {??} 26. Nf6+ Kf8 27. Rh8+ Ke7 28. Rh7+ Kf8 29. Rf7#) 25. Nf6 g5
26. Bxd4 Bxd4 27. Rh7+ Kg6 28. Rah1 {with the initiative}) 23. Nxh7 (23. Bxd4
Rd8 24. Nd6 Bxd4 25. Kxd4 Rxd6+ 26. exd6 Qxd6+ 27. Ke3 Qc5+ 28. Kf3 Qc3+ 29.
Kf2 Qb2+ 30. Kg3 Qe5+ 31. Kh3 Qe3+ 32. Kh4 Qd4+ {with perpetual check}) 23...
Qxh7 24. Qxh7+ Rxh7 25. Rxh7 Kxh7 26. Bxd4 Rd8 27. Nd6 Ba6+ 28. Kc3 Bxd4+ 29.
Kxd4 {with a clear edge in the endgame}) 21. Raf1 (21. Nxh7 Qxh7 22. Qxf8+ Kxf8
23. Rxh7 Rxh7 24. Kxf2 Rh5 $11) 21... Rf5 $1 (21... Bg3 $2 22. Nxh7 Rxf1 23.
Rxf1 $18) (21... Bc5 $2 22. Rf6 Qg7 23. Qxg7+ Rxg7 24. cxd5 Nd4+ (24... Nd8 25.
Rxf8+ Bxf8 26. d6 $18) 25. Bxd4 Bxd4 26. Rxf8+ Kxf8 27. Ndf3 Bb2 28. Nxh7+ Kf7
29. d6 $18) 22. Nxh7 Qxh7 23. Qxh7+ Rxh7 24. Rxh7 Kxh7 25. Rxf2 $11) 19... Ra7
20. Kf1 (20. Rf4 Qd8 21. Rxf8+ Bxf8 22. Qh3 Bc5 {with an edge for Black.})
20... Qg7 21. Qxg7+ Rxg7 22. Re1 $4 {A silly blunder. At that moment I had
forgotten about the g5-g4 possibility. Although, anyway Black is clearly
better.} (22. Rh6 Rd7 23. Kg1 dxc4 24. Nxc4 Bb7 {with a stable edge due to the
pair of bishops.}) 22... g5 {Black wins a piece by force.} 23. Rg4 h5 24. Rg3
g4 25. cxd5 gxf3 26. Rxg7+ Kxg7 27. Nxf3 (27. dxc6 fxg2+ 28. Kxg2 Rxf2+) 27...
exd5 28. e6+ Kg6 29. b4 axb4 30. axb4 Bxb4 31. Ne5+ Nxe5 32. Rxe5 Rf5 33. Re3
Bc5 34. e7 Bd7 0-1